000 00669nam a2200205Ia 4500
008 100315s9999 xx 000 0 und d
082 _b1253 
100 _a"Blood, Jerome W. "
245 _aThe Management of Scientific Talent
260 _aMumbai 
_bTARAPOREVALA  
_c1977 
300 _a240p. 
365 _eRupees 
_d
_b29.00 
366 _f
505 _gTushar Jadhav 
530 _b-  
620 _a"The Scientific Revoluation, Objectives & Planning, Organization, Staffing & Compensation, Controlling Research Work "
630 _aThe Management of Scientific Talent
730 _aThe Management of Scientific Talent
942 _cBOOK
999 _c475988
_d475985